Bahwai - Yamê - Statistiques

Statistiques générales
  • Ce quiz a été pris 4 fois
  • Le résultat moyen est 68 sur 137
Statistiques - réponses
Réponses % Correct
bahwai
100%
Bahwai,
100%
bahwai,
100%
Bahwai
100%
de
75%
du
75%
75%
J’ai
75%
j'ai
75%
J'ai
75%
la
75%
le
75%
ma
75%
que
75%
tu
75%
un
75%
Ah,
50%
ça
50%
captes,
50%
c’est
50%
changer
50%
comme
50%
dans
50%
des
50%
flow
50%
gueule,
50%
gueule
50%
hausser
50%
Hein
50%
les
50%
maintenant
50%
Mola,
50%
Népal, ('pal)
50%
peu
50%
pieds
50%
plus,
50%
Pour
50%
Quand
50%
sans
50%
sur
50%
terre,
50%
ton (Ouh)
50%
tous
50%
(Tous
50%
Trop
50%
vie,
50%
Yamê
50%
avant
25%
chemins
25%
chemins)
25%
DBS,
25%
d'changement (Ah)
25%
Débarque
25%
décolles
25%
Elowi
25%
fallait
25%
fantassin
25%
game
25%
Ils
25%
j'connais
25%
J'repère
25%
lendemain
25%
m'égaler
25%
m'égaler)
25%
m'entends,
25%
miel
25%
MY,
25%
Ouh-ouh (Bahwai)
25%
Papalapapa,
25%
pas
25%
peuvent
25%
(Peuvent
25%
reconnais,
25%
sénégalais
25%
skill,
25%
sons
25%
T'entends
25%
t'fais
25%
Toi,
25%
toi (Tu captes)
25%
trends,
25%
vibe
25%
vision
25%
d'aigle
0%
dit,
0%
j’opère,
0%
J't'ai
0%
l'népalais,
0%
palapapa,
0%
palapapa (brah-brah)
0%
signer
0%
t'fait
0%
Aucun quiz correspondant
Distribution des résultats
% des personnes avec chaque résultat
Percentile par nombre de réponses
Votre historique - résultats
Vous n’avez pas pris ce quiz